01642nab a2200217uuc4500001000800000005001700008008004100025035001200066035002100078040001300099041000800112100004600120245003700166520091500203650003201118650002001150650002801170700003901198700003501237773015201272127644520240202104257.0120315m01uu2011 spa  a1276445 a(OCoLC)820633354 ccomduadb aspa10aRendón Gómez, Jaime Alberto4auteaut10aCélulas madre en odontología3 aEn la actualidad los procedimientos restaurativos en odontología presentan una gran demanda por parte de los pacientes. Estos procedimientos, que buscan restaurar estructuras perdidas por distintas causas, tienen diferentes enfoques y pueden ser realizados de muchas maneras. La era moderna ofrece un enfoque novedoso que permite la restauración de tejidos y estructuras perdidas mediante el uso de la ingeniería de tejidos. Este novedoso sistema permite, desde distintas áreas, como la terapia con células madre, la biología molecular y la biología celular, que los tejidos dañados o perdidos sean reparados o reemplazados usando tejidos naturales del mismo paciente, lo que representa numerosos beneficios. El objetivo de este trabajo es hacer una revisión de la literatura sobre la ingeniería de tejidos para poder conocer más a fondo sus beneficios y usos en el área odontológica. aRegeneración (Biología) aCélulas madre aIngeniería de tejidos10aJiménez, Lina Patricia4auteaut10aUrrego, Paola Andrea4auteaut0 tCES Odontología. Instituto de Ciencias de la Salud (Medellín)gVolumen 24, Número 01, Enero-Junio 2011, p. 51-58w371333x22159185 E0112617